[Event "1st Metropolitan IM"]
[Site "Los Angeles USA"]
[Date "2010.11.14"]
[Round "4"]
[White "Kretchetov,A"]
[Black "Banawa,Joe"]
[Result "0-1"]
[WhiteElo "2358"]
[BlackElo "2341"]

1.Nf3 Nf6 2.c4 e6 3.Nc3 d5 4.d4 c6 5.e3 Nbd7 6.Qc2 Be7 7.b3 b6 8.Be2 Bb7
9.O-O O-O 10.Bb2 Rc8 11.Rfd1 Qc7 12.Rac1 Rfd8 13.Bd3 Qb8 14.e4 dxe4 15.Nxe4 Nxe4
16.Bxe4 Nf6 17.c5 Qf4 18.Re1 Nxe4 19.Rxe4 Qf5 20.b4 Bf6 21.Rce1 Ba6 22.R1e3 Qd5
23.Ne5 bxc5 24.bxc5 Rb8 25.Bc3 Bxe5 26.Rxe5 Qc4 27.h3 Rxd4 28.Rg3 f6 29.Rh5 Rd3
30.Bxf6 Qxc2 31.Rxg7+ Kf8 32.Rhxh7 Qc1+  0-1

[Event "Tal Memorial"]
[Site "Moscow RUS"]
[Date "2010.11.14"]
[Round "9"]
[White "Eljanov,P"]
[Black "Aronian,L"]
[Result "1/2-1/2"]
[WhiteElo "2742"]
[BlackElo "2801"]

1.d4 d5 2.c4 c6 3.Nc3 Nf6 4.e3 e6 5.Nf3 Nbd7 6.Qc2 Bd6 7.Bd3 O-O 8.O-O dxc4
9.Bxc4 b5 10.Bd3 Bb7 11.Ng5 h6 12.Nge4 Nxe4 13.Nxe4 Be7 14.Rd1 Qb6 15.Bd2 c5
16.Nxc5 Nxc5 17.dxc5 Bxc5 18.Ba5 Qc6 19.Bf1 Rfc8 20.Rac1 a6 21.Qd3 Qd5 22.a3 Be7
23.Bc3 Qxd3 24.Bxd3 Bd5 25.Bd4 Kf8 26.f4 g6 27.Kf2 Ke8 28.g3 f5 29.h3 h5
30.h4 Kd7 31.Ke2 Rxc1 32.Rxc1 Rc8 33.Rxc8 Kxc8 34.b4  1/2-1/2

[Event "60th ch-RUS w"]
[Site "Moscow RUS"]
[Date "2010.11.16"]
[Round "1"]
[White "Matveeva,S"]
[Black "Galliamova,A"]
[Result "0-1"]
[WhiteElo "2389"]
[BlackElo "2487"]

1.d4 d5 2.c4 c6 3.Nc3 Nf6 4.e3 e6 5.Nf3 Nbd7 6.Qc2 Bd6 7.b3 O-O 8.Be2 b6
9.O-O Bb7 10.Bb2 Qe7 11.Rad1 Rac8 12.Rfe1 c5 13.dxc5 Nxc5 14.Nb5 Bb8 15.Be5 Bxe5
16.Nxe5 a6 17.Nd4 dxc4 18.Nxc4 b5 19.Na5 Be4 20.Qb2 Qc7 21.Qa3 e5 22.Nf3 Nd5
23.b4 Na4 24.Ng5 Ndc3 25.Nxe4 Nxe4 26.Rc1 Qd6 27.Bf3 Nec3 28.Nb7 Qd2 29.Nc5 Nxa2
30.Ra1 Qxb4 31.Qxb4 Nxb4 32.Nxa4 bxa4 33.Rxa4 Nd3 34.Rf1 Nc5 35.Ra2 Rb8 36.h3 Rb6
37.Rc1 Nd3 38.Rc7 Nb4 39.Rd2 g6 40.Rdd7 Kg7 41.Rb7 Rxb7 42.Rxb7 a5 43.Ra7 Rc8
44.Rxa5 Nd3 45.Ra1 f5 46.Be2 Nc1 47.Ra7+ Kh6 48.Ba6 Rc2 49.Rd7 e4 50.Bb5 Rc5
51.Bf1 Nb3 52.h4 Rc2 53.Rd1 Nd2 54.Be2 g5 55.hxg5+ Kxg5 56.g3 Nf3+ 57.Bxf3 exf3
58.Rd4 Rc1+ 59.Kh2 Rf1 60.Rd2 h5 61.Ra2 Re1 62.Ra4 Rf1 63.Ra2 Kf6 64.Rb2 Ke6
65.Ra2 Kd6 66.Ra6+ Kd5 67.Ra2 Kc4 68.Rd2 Kc3 69.Ra2 Kd3 70.Rb2 Rd1 71.Rb5 Ke2
72.Rxf5 Kxf2 73.Rxh5 Ke2  0-1

[Event "Panam-Cont 2010"]
[Site "Cali COL"]
[Date "2010.11.18"]
[Round "3"]
[White "Zuluaga,C"]
[Black "Herrera,Jua"]
[Result "1-0"]
[WhiteElo "2316"]
[BlackElo "2125"]

1.d4 d5 2.Nf3 c6 3.c4 Nf6 4.Nc3 e6 5.e3 Nbd7 6.Qc2 Bd6 7.b3 O-O 8.Bb2 Re8
9.Be2 b6 10.O-O Bb7 11.e4 dxe4 12.Nxe4 Bf8 13.Rad1 Qc7 14.Nc3 a6 15.Bd3 Be7
16.Rfe1 Nf8 17.Ne5 Red8 18.Ne4 Ne8 19.c5 b5 20.Qe2 f6 21.Nf3 Qd7 22.Ng3 Nc7
23.a3 a5 24.Ne4 Nd5 25.g3 Rdb8 26.Nc3 Nc7 27.Ra1 Ba6 28.b4 Bc8 29.Qd2 Bd8
30.Bc2 Nd5 31.Ne4 Ra7 32.Bb3 Bc7 33.Rac1 axb4 34.axb4 Nxb4 35.Ra1 Na6 36.Nh4 Kh8
37.Qe2 Rba8 38.Bc3 Bd8 39.Nd6 Nc7 40.Qh5 Rxa1 41.Bxa1 Ra3 42.Bc2 Kg8 43.Be4 Nd5
44.Bb2 Ra2 45.Bc1 Ba6 46.Qf3 Bc7 47.Nhf5 Ng6 48.h4 Nge7 49.Nxe7+ Nxe7 50.Bxh7+ Kf8
51.Qb3 Ra4 52.Rxe6 Rc4 53.Rxf6+  1-0

[Event "Panam-Cont 2010"]
[Site "Cali COL"]
[Date "2010.11.18"]
[Round "3"]
[White "Molina,Rob"]
[Black "Ortiz Suarez,I"]
[Result "0-1"]
[WhiteElo "2401"]
[BlackElo "2543"]

1.d4 d5 2.c4 c6 3.Nf3 Nf6 4.e3 e6 5.Nc3 Nbd7 6.Qc2 Bd6 7.Bd3 dxc4 8.Bxc4 b5
9.Be2 O-O 10.O-O Qe7 11.a4 b4 12.Ne4 Nxe4 13.Qxe4 Bb7 14.b3 Nf6 15.Qh4 c5
16.dxc5 Bxc5 17.Bb2 Rac8 18.Rac1 Ne4 19.Qh3 Bd6 20.Bc4 Rc5 21.Rfd1 Ng5 22.Nxg5 Rxg5
23.g3 Ba8 24.Bd3 f5 25.Qh4 h6 26.Bb5 Bf3 27.Rd2 Rd8 28.Qc4 Kh7 29.Qc2 Rg6
30.Be2 Ba8 31.Bb5 Qh4 32.Bc6 Bxc6 33.Qxc6 Bxg3 34.Rxd8  0-1

[Event "Panam-Cont 2010"]
[Site "Cali COL"]
[Date "2010.11.18"]
[Round "4"]
[White "Buitrago,J"]
[Black "Guelgua,A"]
[Result "1-0"]
[WhiteElo "2160"]
[BlackElo "2039"]

1.d4 d5 2.c4 c6 3.Nc3 Nf6 4.e3 e6 5.Nf3 Nbd7 6.Bd3 dxc4 7.Bxc4 b5 8.Bd3 a6
9.e4 c5 10.e5 cxd4 11.Nxb5 Bb7 12.exf6 axb5 13.fxg7 Bxg7 14.O-O Qb6 15.Qe2 b4
16.Bf4 O-O 17.Rfc1 Ba6 18.Rc7 e5 19.Rac1 exf4 20.R1c6 Bxd3 21.Qxd3 Rxa2 22.h4 Ne5
23.Nxe5 Qa5 24.Nxf7 Ra1+ 25.Kh2 Qh5 26.Ng5 Qxh4+ 27.Nh3 Be5 28.Rc1 Bxc7 29.Qc4+ Kh8
30.Rxa1 Be5 31.Qxb4 Rg8 32.Qc5 Qh5 33.f3 Qf5 34.Re1 Re8 35.Re4 Qf6 36.Qd5 Re7
37.b4 Kg7 38.b5 h6 39.b6 Qd6 40.Qxd6 Bxd6 41.Rxe7+ Bxe7 42.b7 Bd6 43.Nf2 Kg6
44.Kg1 Bb8 45.Ne4 Kh5 46.Nd2 Kh4 47.Kf2 Ba7 48.Nf1 h5 49.Ke2 Kg5 50.Kd3 Kf5
51.Nd2 Kg5 52.Nb3 Kh4 53.Nxd4 Bb8 54.Ke4 Kg3 55.Ne2+ Kf2 56.Nxf4 h4 57.Ng6 Kg3
58.f4 Kg4 59.f5 Kg5 60.Ne7  1-0

[Event "16th Asian Games Team Women"]
[Site "Guangzhou CHN"]
[Date "2010.11.18"]
[Round "1"]
[White "Hejazipour,M"]
[Black "Mir Mahmoud,A"]
[Result "1-0"]
[WhiteElo "2268"]
[BlackElo "2010"]

1.d4 d5 2.Nf3 Nf6 3.c4 c6 4.e3 e6 5.Nc3 Nbd7 6.Qc2 a6 7.b3 Bd6 8.Bb2 O-O
9.Bd3 Qc7 10.c5 Be7 11.O-O h6 12.Ne2 b6 13.cxb6 Qxb6 14.Rac1 Bb7 15.Nc3 a5
16.Na4 Qa7 17.Qe2 Rfc8 18.Rc2 Ba6 19.Rfc1 Bxd3 20.Qxd3 Qa6 21.Ne1 Kf8 22.f3 Qxd3
23.Nxd3 Ra6 24.Kf2 Ke8 25.g4 Kd8 26.h4 Ne8 27.Kg3 g6 28.Ne5 Nxe5 29.dxe5 Kd7
30.Bd4 Kc7 31.Bc5 Bxc5 32.Nxc5 Raa8 33.g5 h5 34.a3 Kb6 35.b4 axb4 36.Rb2 Ra5
37.axb4 Ra3 38.b5 Kc7 39.bxc6 Rb8 40.Rb7+ Kxc6 41.Rxb8  1-0

[Event "60th ch-RUS w"]
[Site "Moscow RUS"]
[Date "2010.11.18"]
[Round "3"]
[White "Matveeva,S"]
[Black "Paikidze,N"]
[Result "1/2-1/2"]
[WhiteElo "2389"]
[BlackElo "2401"]

1.d4 d5 2.c4 c6 3.Nc3 Nf6 4.e3 e6 5.Nf3 Nbd7 6.Qc2 Bd6 7.b3 b6 8.Be2 O-O
9.O-O Bb7 10.Bb2 Qe7 11.Rad1 Rac8 12.e4 dxe4 13.Nxe4 Nxe4 14.Qxe4 Nf6 15.Qh4 c5
16.Rfe1 Bxf3 17.Bxf3 cxd4 18.Rxd4 Rfd8 19.g3 h6 20.Rd3 Ba3 21.Bxf6 Qxf6 22.Qxf6 gxf6
23.Red1 Rxd3 24.Rxd3 Rc7 25.Rd8+ Kg7 26.g4 Be7  1/2-1/2

[Event "VI World Blitz"]
[Site "Moscow RUS"]
[Date "2010.11.18"]
[Round "37"]
[White "Aronian,L"]
[Black "Karjakin,Sergey"]
[Result "0-1"]
[WhiteElo "2801"]
[BlackElo "2760"]

1.d4 d5 2.c4 c6 3.Nf3 Nf6 4.Nc3 e6 5.e3 Nbd7 6.Qc2 Bd6 7.Be2 O-O 8.O-O dxc4
9.Bxc4 a6 10.a4 c5 11.dxc5 Bxc5 12.Rd1 Qe7 13.Ne4 Nxe4 14.Qxe4 Rd8 15.Bd2 Nf6
16.Qh4 Bd7 17.Ba5 b6 18.Bc3 a5 19.Bd3 h6 20.Ne5 Be8 21.Ng4 Nd5 22.Nxh6+ gxh6
23.Qxh6 f6 24.Be4 Qg7 25.Qh3 Rd6 26.Bxd5 exd5 27.Bd4 Bd7 28.Qh4 Qg5 29.Qxg5+ fxg5
30.b3 Rc8 31.Be5 Re6 32.Bb2 Bc6 33.h3 Bb7 34.Rac1 Kf7 35.Rc2 Re7 36.Rcd2 Bb4
37.Rd3 Rc2 38.Ba1 Rec7 39.e4 dxe4 40.Rd7+ Kg6 41.Rd8 Rc1 42.Be5 Rxd1+ 43.Rxd1 Re7
44.Bg3 Bc5 45.Rd8 e3 46.fxe3 Rxe3 47.Kh2 Re2 48.Rg8+ Kf7  0-1

[Event "Panam-Cont 2010"]
[Site "Cali COL"]
[Date "2010.11.19"]
[Round "5"]
[White "Garavito,M"]
[Black "Cuellar,Di"]
[Result "1/2-1/2"]
[WhiteElo "2253"]
[BlackElo "2133"]

1.d4 d5 2.Nf3 Nf6 3.c4 c6 4.Nc3 e6 5.e3 Nbd7 6.Qc2 Bd6 7.g4 dxc4 8.Bxc4 b5
9.Be2 Bb7 10.g5 Nd5 11.Bd2 Nxc3 12.bxc3 c5 13.Rg1 O-O 14.Rb1 a6 15.h4 e5
16.dxe5 Bxe5 17.c4 b4 18.Rd1 Qe7 19.Nxe5 Nxe5 20.Rg3 f5 21.f4 Be4 22.Qb2 Nd7
23.h5 Nb6 24.h6 g6 25.Bxb4 cxb4 26.Rd6 Rab8 27.c5 Nd5 28.Re6  1/2-1/2

[Event "1st Open"]
[Site "Brno CZE"]
[Date "2010.11.20"]
[Round "9"]
[White "Yakimenko,Alex"]
[Black "Krejci,Jan2"]
[Result "1/2-1/2"]
[WhiteElo "2194"]
[BlackElo "2439"]

1.d4 d5 2.c4 c6 3.Nf3 Nf6 4.Nc3 e6 5.e3 Nbd7 6.Qc2 Bd6 7.Bd3 O-O 8.O-O dxc4
9.Bxc4 b5 10.Bd3 Bb7 11.h3  1/2-1/2

[Event "Panam-Cont 2010"]
[Site "Cali COL"]
[Date "2010.11.20"]
[Round "6"]
[White "Chirivi C,Y"]
[Black "Guelgua,A"]
[Result "1-0"]
[WhiteElo "2244"]
[BlackElo "2039"]

1.d4 d5 2.c4 c6 3.Nc3 Nf6 4.Nf3 e6 5.e3 Nbd7 6.Bd3 Bd6 7.O-O dxc4 8.Bxc4 O-O
9.Qc2 e5 10.h3 Qe7 11.a3 h6 12.Ba2 Kh8 13.Re1 b6 14.dxe5 Nxe5 15.Nxe5 Qxe5
16.f4 Qe7 17.e4 Bc5+ 18.Be3 Bf5 19.Bxc5 Qxc5+ 20.Qf2 Qxf2+ 21.Kxf2 Be6 22.e5 Nd5
23.Bxd5 Bxd5 24.Nxd5 cxd5 25.Rad1 Rad8 26.Rd4 Rd7 27.Rc1 Kg8 28.Rc6 Re8 29.g4 Kf8
30.Ke3 g6 31.Rd1 Kg7 32.Kd4 Re6 33.Rdc1 Re8 34.f5  1-0

[Event "Panam-Cont 2010"]
[Site "Cali COL"]
[Date "2010.11.20"]
[Round "7"]
[White "Saladen,R"]
[Black "Cuellar,Di"]
[Result "1/2-1/2"]
[WhiteElo "2195"]
[BlackElo "2133"]

1.d4 d5 2.Nf3 Nf6 3.c4 c6 4.Nc3 e6 5.e3 Nbd7 6.Qc2 Bd6 7.Bd3 dxc4 8.Bxc4 O-O
9.a4 Qe7 10.Bd2 e5 11.O-O-O e4 12.Ng5 Nb6 13.Bb3 Bf5 14.f3 Rae8 15.Ngxe4 Nxe4
16.fxe4 Bxe4 17.Nxe4 Qxe4 18.Qxe4 Rxe4 19.Rdf1 Re7 20.Rf3 Nd7 21.Bd1 Nf6
22.Kc2 Ne4  1/2-1/2

[Event "60th ch-RUS w"]
[Site "Moscow RUS"]
[Date "2010.11.20"]
[Round "5"]
[White "Matveeva,S"]
[Black "Gunina,V"]
[Result "0-1"]
[WhiteElo "2389"]
[BlackElo "2479"]

1.d4 d5 2.c4 c6 3.Nc3 Nf6 4.e3 e6 5.Nf3 Nbd7 6.Qc2 Bd6 7.Bd2 O-O 8.O-O-O b5
9.cxb5 Bb7 10.bxc6 Bxc6 11.Kb1 Rb8 12.Ka1 Qb6 13.Bd3 Rfc8 14.Rb1 Qb7 15.Rhc1 Nb6
16.Be1 a5 17.Ne5 Bxe5 18.dxe5 Nfd7 19.f4 a4 20.Bxh7+ Kh8 21.Bd3 Nc5 22.Qd1 Kg8
23.Ne2 Nb3+ 24.axb3 axb3 25.Rc5 Ra8+ 26.Ra5 Rxa5+ 27.Bxa5 Ra8 28.Qd2 Nc4
29.Bxc4 Qb6 30.Bxb3 Rxa5+ 31.Qxa5 Qxa5+ 32.Ba2 Qd2 33.Nd4 Ba4 34.b3 Bd7 35.g3 Qc3+
36.Rb2 Qxe3 37.Nc2 Qc3 38.b4 d4 39.Bb3 d3 40.Na3 d2 41.Nb1 Qxb3  0-1

[Event "TCh-NED"]
[Site "Netherlands NED"]
[Date "2010.11.20"]
[Round "3.8"]
[White "Bosman,M"]
[Black "Van Kampen,R"]
[Result "0-1"]
[WhiteElo "2330"]
[BlackElo "2430"]

1.d4 d5 2.c4 c6 3.Nc3 Nf6 4.Nf3 e6 5.e3 Nbd7 6.Qc2 Bd6 7.Bd3 O-O 8.O-O dxc4
9.Bxc4 b5 10.Be2 Bb7 11.Rd1 Qb8 12.e4 e5 13.Bg5 exd4 14.Rxd4 c5 15.Rd2 b4
16.Nd5 Nxd5 17.exd5 Qc7 18.g3 h6 19.Be3 Nf6 20.Bc4 Rae8 21.Re1 Bc8 22.Rdd1 Bg4
23.Kg2 Qc8 24.Bc1 Bxf3+ 25.Kxf3 Qh3 26.Bb5 Rxe1 27.Rxe1 Ng4 28.Qe4 Ne5+ 29.Ke2 f5
30.Qh1 Rb8 31.f4 Qh5+ 32.Kf1 Nf3 33.Re8+ Rxe8 34.Bxe8 Nxh2+ 35.Kg2 Qe2+ 36.Kh3 Ng4  0-1

[Event "TCh-NED"]
[Site "Netherlands NED"]
[Date "2010.11.20"]
[Round "3.7"]
[White "Taha,S"]
[Black "Van de Oudeweetering,A"]
[Result "0-1"]
[WhiteElo "2214"]
[BlackElo "2321"]

1.d4 d5 2.c4 c6 3.Nc3 Nf6 4.Nf3 e6 5.e3 Nbd7 6.Qc2 Bd6 7.Bd3 O-O 8.e4 e5
9.cxd5 cxd5 10.O-O dxe4 11.Nxe4 Nxe4 12.Bxe4 exd4 13.Bxh7+ Kh8 14.Bg5 Be7
15.Bxe7 Qxe7 16.Rfe1 Qf6 17.Be4 Rd8 18.Rad1 Nf8 19.Qc5 Bg4 20.Rxd4 Re8 21.Rb4 Bxf3
22.gxf3 Re5 23.Qc1 Rae8 24.f4 Rxe4 25.Rbxe4 Rxe4 26.Rxe4 Qg6+  0-1

[Event "TCh-FIN 2010-11"]
[Site "Porvoo FIN"]
[Date "2010.11.20"]
[Round "4.5"]
[White "Pohjala,H"]
[Black "Hokkanen,P"]
[Result "1-0"]
[WhiteElo "2245"]
[BlackElo "2304"]

1.d4 d5 2.Nf3 Nf6 3.c4 e6 4.Nc3 c6 5.e3 Nbd7 6.Qc2 Bb4 7.Bd3 O-O 8.O-O dxc4
9.Bxc4 c5 10.Rd1 cxd4 11.Nxd4 Qe7 12.e4 a6 13.Be2 Rd8 14.Bg5 h6 15.Bh4 Bd6
16.Qd2 Ne5 17.Bg3 Rd7 18.Qe1 Ng6 19.Bxd6 Qxd6 20.Bf1 Qb4 21.a3 Qb6 22.Na4 Qd8
23.Nf3 b6 24.Nc3 Bb7 25.Rxd7 Nxd7 26.Rd1 Qc7 27.Qd2 Nc5 28.Qd6 Rc8 29.Qxc7 Rxc7
30.Rd8+ Kh7 31.Nd2 b5 32.f3 Ne5 33.Rd6 Nc6 34.b4 Na4 35.Nxa4 bxa4 36.Nc4 Na7
37.Na5 Nc8 38.Nxb7 Nxd6 39.Nxd6 Rc3 40.Nc4 Rc2 41.Nb6 Ra2 42.Nxa4 Rxa3 43.Nc5 a5
44.b5 Ra1 45.b6 Rb1 46.b7 a4 47.Kf2 a3 48.Bc4 Rb6 49.Ke3 Kg8 50.f4  1-0

[Event "Panam-Cont 2010"]
[Site "Cali COL"]
[Date "2010.11.21"]
[Round "8"]
[White "Gallego Alcaraz,A"]
[Black "Ortiz Suarez,I"]
[Result "0-1"]
[WhiteElo "2388"]
[BlackElo "2543"]

1.d4 Nf6 2.c4 e6 3.Nf3 d5 4.Nc3 c6 5.e3 Nbd7 6.Qc2 Bd6 7.g4 h6 8.Bd2 a6 9.c5 Bc7
10.O-O-O Nxg4 11.Rg1 Nxf2 12.Re1 Qf6 13.Be2 Nh3 14.Rgf1 Qd8 15.Ng1 Ng5 16.e4 Bxh2
17.exd5 cxd5 18.Nxd5 Bg3 19.c6 bxc6 20.Qxc6 Rb8 21.Rxf7 Kxf7 22.Rf1+ Kg8
23.Ba5 Qe8 24.Bh5 Qxh5 25.Ne7+ Kh7 26.Qc2+ g6 27.Ne2 Bd6  0-1

[Event "TCh-FIN 2010-11"]
[Site "Espoo FIN"]
[Date "2010.11.21"]
[Round "5.2"]
[White "Solozhenkin,E"]
[Black "Sulskis,S"]
[Result "0-1"]
[WhiteElo "2488"]
[BlackElo "2544"]

1.d4 Nf6 2.c4 e6 3.Nf3 d5 4.Nc3 c6 5.e3 Nbd7 6.Qc2 Bd6 7.Bd3 O-O 8.O-O dxc4
9.Bxc4 a6 10.a3 h6 11.h3 b5 12.Be2 Qe7 13.b4 a5 14.bxa5 Rxa5 15.a4 b4 16.Ne4 Nxe4
17.Qxe4 Ba6 18.Re1 Bb5 19.Ne5 Bxe5 20.dxe5 Bxe2 21.Rxe2 c5 22.Rd2 Nb6 23.Rd6 Rxa4
24.Rxa4 Nxa4 25.Qc2 Qa7 26.e4 Rb8 27.Qd3 b3 28.Bxh6 gxh6 29.Rd7 Qxd7  0-1

[Event "16th Asian Games Team Men"]
[Site "Guangzhou CHN"]
[Date "2010.11.21"]
[Round "4"]
[White "Nezad,H"]
[Black "Gameel,M"]
[Result "1-0"]
[WhiteElo "2402"]
[BlackElo "2217"]

1.d4 d5 2.c4 c6 3.Nc3 Nf6 4.e3 e6 5.Nf3 Nbd7 6.Qc2 Bd6 7.Bd3 O-O 8.O-O dxc4
9.Bxc4 e5 10.h3 h6 11.Rd1 Qc7 12.Bb3 Re8 13.Nh4 Nf8 14.Nf5 e4 15.Nxd6 Qxd6
16.d5 a6 17.dxc6 Qxc6 18.Ba4 b5 19.Nd5 Bb7 20.Qxc6 Bxc6 21.Nxf6+ gxf6 22.Bb3 Rad8
23.Bd2 Bd7 24.Ba5 Rc8 25.Bc3 f5 26.Rd6 Be6 27.Rxa6 Bxb3 28.axb3 Ne6 29.Rd1 Red8
30.Rxd8+ Rxd8 31.Rb6 Rd5 32.f4 exf3 33.gxf3 f4 34.e4 Rg5+ 35.Kh2 Kh7 36.Rb8 Rh5
37.Rh8+ Kg6 38.Rg8+ Kh7 39.Rg4 f5 40.exf5 Rxf5 41.h4 Rd5 42.Kg1 h5 43.Rg2 Rd3
44.Re2 Nf8 45.Re7+ Kg6 46.Rg7+ Kh6 47.Rf7 Ng6 48.Bg7+ Kh7 49.Bf6+ Kg8 50.Rg7+ Kf8
51.Rxg6 Rxb3 52.Bc3  1-0

[Event "TCh-HUN 2010-11"]
[Site "Nagykanizsa HUN"]
[Date "2010.11.21"]
[Round "3"]
[White "Polak,T"]
[Black "Gonda,L"]
[Result "1-0"]
[WhiteElo "2535"]
[BlackElo "2550"]

1.d4 d5 2.c4 c6 3.Nc3 Nf6 4.e3 e6 5.Nf3 Nbd7 6.b3 Bb4 7.Bd2 Qe7 8.Be2 O-O
9.O-O dxc4 10.bxc4 e5 11.Qc2 Re8 12.Rab1 Bd6 13.c5 Bc7 14.Bc4 h6 15.h3 e4
16.Nh2 b6 17.cxb6 Nxb6 18.Ne2 Nxc4 19.Qxc4 a5 20.Qxc6 Ba6 21.Rfe1 Rec8 22.Qa4 Nd5
23.Nf1 Bd3 24.Rbc1 Nb6 25.Qd1 Qa3 26.Rc3 Qd6 27.Nf4 Nd5 28.Nxd5 Qxd5 29.Rc5 Qxa2
30.Qc1 Ra7 31.Bxa5 Rxa5 32.Rxc7 Rxc7 33.Qxc7 Kh7 34.Ng3 Ra6 35.Nh5 Rg6 36.Nf4 Rf6
37.Qc3 Bb1 38.Qc1 Rb6 39.Re2 Qb3 40.Rd2 g5 41.Nh5 Bd3 42.Qc8 Qb4 43.Qf5+ Kg8
44.Qe5 Kf8 45.Ra2 Qb1+ 46.Kh2 Qxa2 47.Qc5+ Ke8 48.Qxb6 Qxf2 49.Qd6 f5 50.Qe6+ Kd8
51.Nf6 Bb5 52.Qd6+ Kc8 53.Qc5+  1-0

[Event "TCh-HUN 2010-11"]
[Site "Nagykanizsa HUN"]
[Date "2010.11.21"]
[Round "3"]
[White "Medvegy,Z"]
[Black "Lukacs,P"]
[Result "1-0"]
[WhiteElo "2531"]
[BlackElo "2414"]

1.d4 d5 2.c4 c6 3.Nc3 Nf6 4.e3 e6 5.Nf3 a6 6.Qc2 c5 7.cxd5 exd5 8.Be2 Nc6
9.Ne5 Qc7 10.Nxc6 bxc6 11.Bd2 cxd4 12.exd4 h6 13.O-O-O Bd6 14.Bd3 O-O 15.h3 a5
16.g4 Ba6 17.Rhg1 Bf4 18.Bxf4 Qxf4+ 19.Qd2 Qxd2+ 20.Kxd2 Bxd3 21.Kxd3 a4
22.Rde1 Rfb8 23.Re2 Rb4 24.a3 Rb7 25.Rc1 Nd7 26.Na2 Rb3+ 27.Rc3 c5 28.Rxb3 c4+
29.Kd2 cxb3 30.Nb4 Nb6 31.Nd3 f5 32.Kc3 fxg4 33.hxg4 Rf8 34.Kb4 Rb8 35.Kc5 Nd7+
36.Kxd5 Nf6+ 37.Kc4 Nxg4 38.f3 Nf6 39.Nc5 Ra8 40.d5 Rc8 41.Kd4 h5 42.d6 h4
43.Rh2 Rc6 44.Rxh4 Rxd6+ 45.Kc4 Nd7 46.Nxd7 Rxd7 47.Kb5 Rd2 48.Kxa4 Rxb2
49.Rb4 Re2 50.Rxb3 Re8 51.Rb4 Ra8+ 52.Kb3 Kf7 53.Re4 Kf6 54.a4 g5 55.Re3 Kf5
56.Kb4 Kf4 57.Ra3 Ke5 58.Kc5 Rc8+ 59.Kb6 Kd5 60.a5 Rb8+ 61.Kc7  1-0

[Event "16th Asian Games Team Men"]
[Site "Guangzhou CHN"]
[Date "2010.11.22"]
[Round "5"]
[White "Barsov,A"]
[Black "Jumabayev,R"]
[Result "1-0"]
[WhiteElo "2507"]
[BlackElo "2571"]

1.d4 Nf6 2.Nf3 e6 3.c4 d5 4.Nc3 c6 5.e3 Nbd7 6.Qc2 Bd6 7.Bd3 O-O 8.O-O dxc4
9.Bxc4 a6 10.Rd1 Qc7 11.Bd2 b5 12.Bd3 Bb7 13.b4 e5 14.Ne4 Nxe4 15.Bxe4 exd4
16.Bxh7+ Kh8 17.Bf5 c5 18.bxc5 Nxc5 19.exd4 Na4 20.Qb3 g6 21.Rac1 Qd8 22.Ng5 Kg7
23.Be4 Bxe4 24.Nxe4 Bxh2+ 25.Kf1 Qh4 26.Qf3 Rae8 27.Re1 Bb8 28.g3 Qh3+ 29.Qg2 Qf5
30.Kg1 Qd5 31.a3 Qxd4 32.Rcd1 Qb2 33.Bb4 Rh8 34.Qf3 Rh5 35.g4 Rh4 36.Rd7 Kh8
37.Qxf7 Qe5 38.Ng3  1-0

[Event "4th South Bohemia Open"]
[Site "Cesky Krumlov CZE"]
[Date "2010.11.23"]
[Round "3"]
[White "Yakimenko,Alex"]
[Black "Simkin,A"]
[Result "1/2-1/2"]
[WhiteElo "2194"]
[BlackElo "1925"]

1.d4 d5 2.c4 c6 3.Nc3 Nf6 4.Nf3 e6 5.e3 Be7 6.Qc2 O-O 7.a3 Nbd7 8.Bd3 dxc4
9.Bxc4 b5 10.Bd3 Bb7 11.e4 h6 12.e5 Nd5 13.h4 a6 14.Ng5 c5 15.Bh7+ Kh8 16.Bg8 f5
17.exf6 N7xf6 18.Nf7+ Rxf7 19.Bxf7 cxd4 20.Nd1 e5 21.O-O e4 22.Qd2 Bc5 23.b4 Ba7
24.Bb2 e3 25.fxe3 dxe3 26.Qe2 Qe7 27.Bg6 Qd6 28.Rxf6 Nxf6 29.Rc1 Ng4 30.Qxg4 e2+
31.Nf2 Rf8 32.Bf5 Qe7 33.Re1 Bxf2+ 34.Kxf2 Bc8 35.Rxe2 Rxf5+ 36.Kg1 Qa7+
37.Bd4 Rf8 38.Bxa7 Bxg4 39.Re7 Kg8 40.Bd4 Rf7 41.Re8+ Rf8 42.Rxf8+ Kxf8 43.Kf2 g6
44.Kg3 h5 45.Kf4 Ke7 46.Ke5 Kd7 47.Kd5 Kc7 48.Be5+  1/2-1/2

[Event "4th South Bohemia Open"]
[Site "Cesky Krumlov CZE"]
[Date "2010.11.24"]
[Round "4"]
[White "Horyna,J"]
[Black "Beter,Arnost"]
[Result "1/2-1/2"]
[WhiteElo "1922"]
[BlackElo "2050"]

1.d4 Nf6 2.Nf3 d5 3.c4 e6 4.e3 c6 5.Nc3 Nbd7 6.Bd3 dxc4 7.Bxc4 b5 8.Bd3 a6
9.O-O c5 10.dxc5 Bxc5 11.Ne4 Be7 12.Qe2 Bb7 13.Nxf6+ Nxf6 14.e4 Bc5 15.Bg5 Qb6
16.Bxf6 gxf6 17.Rac1 O-O 18.a3 Rac8 19.b4 Be7 20.Rfd1 Rfd8 21.Bb1 Rxd1+ 22.Qxd1 Rxc1
23.Qxc1 Qc6 24.Qxc6 Bxc6 25.Nd4 Bd7 26.Bd3 Kf8 27.Kf1 Ke8 28.Ke2 Kd8 29.g3 Kc7
30.h4 Kb6 31.Kd2 a5 32.Nc2 Bc6 33.Kc3 Bd7  1/2-1/2

[Event "16th Asian Games Team Men"]
[Site "Guangzhou CHN"]
[Date "2010.11.24"]
[Round "7"]
[White "Aboudi,M"]
[Black "Araz,B"]
[Result "0-1"]
[WhiteElo "2196"]
[BlackElo "2349"]

1.d4 Nf6 2.Nf3 d5 3.c4 e6 4.Nc3 c6 5.e3 Nbd7 6.Bd3 dxc4 7.Bxc4 b5 8.Be2 a6
9.O-O Bb7 10.a3 c5 11.dxc5 Nxc5 12.b4 Nce4 13.Nxe4 Nxe4 14.Bb2 Be7 15.Rc1 O-O
16.Qxd8 Bxd8 17.Rfd1 Bd5 18.Nd2 f5 19.Nxe4 fxe4 20.a4 bxa4 21.Bc4 Rf5 22.g4 Rg5
23.Be2 Rg6 24.h3 Be7 25.Bc3 h5 26.Ra1 Rb8 27.Bxa6 hxg4 28.hxg4 Rxg4+ 29.Kf1 Bxb4
30.Be5 Ra8 31.Rdb1 Be7 32.Rb8+ Rxb8 33.Bxb8 a3 34.Be5 a2 35.Be2 Rh4 36.Kg2 Kf7
37.Rc1 Rh8 38.Bc4 Ra8 39.Bxd5 exd5  0-1

[Event "60th ch-RUS w"]
[Site "Moscow RUS"]
[Date "2010.11.24"]
[Round "8"]
[White "Nebolsina,V"]
[Black "Girya,O"]
[Result "1/2-1/2"]
[WhiteElo "2377"]
[BlackElo "2435"]

1.d4 d5 2.c4 c6 3.Nc3 Nf6 4.e3 e6 5.Nf3 Nbd7 6.Bd3 dxc4 7.Bxc4 b5 8.Bd3 b4
9.Ne4 Nxe4 10.Bxe4 Bb7 11.a3 bxa3 12.O-O Bd6 13.Nd2 Qc7 14.Nc4 Bxh2+ 15.Kh1 Nb6
16.b3 Nxc4 17.bxc4 Bd6 18.Qh5 g6 19.Qh6 Bf8 20.Qh3 Be7 21.Bxa3 Bxa3 22.Rxa3 O-O
23.Rb1 Rfb8 24.Qh2 Rc8 25.Qxc7 Rxc7 26.Ra5 Kf8 27.Kh2 Ke7 28.g4 h6 29.Kg3 Kd6
30.Rh1 c5 31.dxc5+ Ke7 32.Bxb7 Rxb7 33.Rxh6 Rb4 34.g5 Rxc4 35.Rh1 a6 36.Rh4 Rc1
37.Re4 Rg1+ 38.Kf4 Rg2 39.Ra2 Rh8 40.Re5 f6 41.gxf6+ Kxf6 42.Re4 Rh3 43.Rea4 Rg5
44.c6 Rc5 45.Kg4 Rch5 46.Rf4+ Kg7 47.Rf3 R5h4+ 48.Kg5 Rh5+ 49.Kg4 R5h4+ 50.Kg5 Rh5+
51.Kg4 R5h4+ 52.Kg5 Rh5+  1/2-1/2

[Event "4th South Bohemia Open"]
[Site "Cesky Krumlov CZE"]
[Date "2010.11.25"]
[Round "6"]
[White "Lauko,M"]
[Black "Balka,L"]
[Result "1/2-1/2"]
[WhiteElo "1989"]
[BlackElo "1778"]

1.d4 d5 2.Nf3 e6 3.e3 Nf6 4.c4 c6 5.Nc3 Bd6 6.b3 O-O 7.Bb2 Nbd7 8.c5 Be7
9.b4 e5 10.dxe5 Nxe5 11.Nd4 a6 12.Be2 Nfg4  1/2-1/2

[Event "XXIII Belgrade Trophy"]
[Site "Obrenovac SRB"]
[Date "2010.11.25"]
[Round "2.10"]
[White "Milanovic,Da"]
[Black "Trujillo Alvarado,I"]
[Result "1-0"]
[WhiteElo "2521"]
[BlackElo "2208"]

1.d4 d5 2.c4 c6 3.Nc3 Nf6 4.Nf3 e6 5.e3 Bd6 6.Qc2 O-O 7.Be2 Qe7 8.O-O Nbd7
9.b3 Re8 10.Rd1 b6 11.e4 dxe4 12.Nxe4 Nxe4 13.Qxe4 Bb7 14.Ne5 Nf8 15.Bf3 Qc7
16.Bf4 f6 17.Nd3 Bxf4 18.Qxf4 Qxf4 19.Nxf4 e5 20.dxe5 Rxe5 21.Rd6 Rc8 22.Rad1 Rc7
23.Rd8 Kf7 24.h4 Ree7 25.Bg4 g6 26.h5 f5 27.hxg6+ hxg6 28.Rxf8+ Kxf8 29.Nxg6+ Kg7
30.Nxe7 fxg4 31.Nf5+ Kg6 32.Ne3 Bc8 33.Kh2 Kg5 34.Kg3 Rd7 35.f4+ gxf3 36.Rxd7 Bxd7
37.Kxf3 Be6 38.Ke4 b5 39.Ke5 Bg8 40.g3 a5 41.Kd4 Bf7 42.Kc5 Be8 43.Kb6 a4
44.bxa4 bxa4 45.a3 Kf6 46.Kc5  1-0

[Event "XXIII Belgrade Trophy"]
[Site "Obrenovac SRB"]
[Date "2010.11.25"]
[Round "2.30"]
[White "Djokic,Nen"]
[Black "Ratkovic,Miloj"]
[Result "1-0"]
[WhiteElo "2365"]
[BlackElo "2132"]

1.d4 d5 2.c4 c6 3.Nf3 Nf6 4.Nc3 e6 5.e3 Nbd7 6.Qc2 Bd6 7.Bd3 O-O 8.O-O dxc4
9.Bxc4 e5 10.e4 exd4 11.Nxd4 Nb6 12.Be2 Bxh2+ 13.Kxh2 Qxd4 14.Bf4 Ng4+ 15.Kg1 Be6
16.a4 Rfd8 17.a5 Nc4 18.Ra4 b5 19.axb6 axb6 20.Bxc4 Rxa4 21.Bxe6 Nxf2 22.Qxa4 Nh3+
23.Kh2  1-0

[Event "16th Asian Games Team Final Men"]
[Site "Guangzhou CHN"]
[Date "2010.11.26"]
[Round "2"]
[White "Sasikiran,K"]
[Black "Moradiabadi,E"]
[Result "1-0"]
[WhiteElo "2688"]
[BlackElo "2575"]

1.d4 d5 2.c4 c6 3.Nf3 Nf6 4.Nc3 e6 5.e3 a6 6.b3 Bb4 7.Bd2 Nbd7 8.Bd3 O-O
9.O-O Bd6 10.Re1 e5 11.cxd5 cxd5 12.e4 exd4 13.Nxd5 Nxd5 14.exd5 Nf6 15.Rc1 Bg4
16.h3 Bh5 17.Bg5 h6 18.Bxf6 Qxf6 19.g4 Bg6 20.Rc4 Rad8 21.Kg2 Rfe8 22.Rxe8+ Rxe8
23.Rxd4 Bxd3 24.Qxd3 g6 25.a4 Qe7 26.Qd2 Kg7 27.Rc4 Qf6 28.Qd3 Rd8 29.Qc2 Bf4
30.Qe4 Bd6 31.h4 Rh8 32.Qc2 h5 33.g5 Qa1 34.Qd2 Re8 35.Rc1 Qa3 36.Qc3+ Kg8
37.Re1 Rxe1 38.Nxe1 Bf8 39.Nf3 Qd6 40.Qc4 Qd7 41.Qe4 Bg7 42.Nd2 b5 43.axb5 axb5
44.Nf1 Bf8 45.Ng3 Bd6 46.Qd4 Bxg3 47.Kxg3 Qd6+ 48.Kf3 Kf8 49.b4 Ke8 50.Qc5 Qd7  1-0

[Event "Czech Coal Match"]
[Site "Marianske Lazne CZE"]
[Date "2010.11.26"]
[Round "7"]
[White "Uhlmann,W"]
[Black "Olsarova,T"]
[Result "1/2-1/2"]
[WhiteElo "2412"]
[BlackElo "2185"]

1.c4 c6 2.d4 d5 3.Nc3 Nf6 4.Nf3 e6 5.e3 Nbd7 6.Qc2 Bd6 7.Be2 O-O 8.O-O b6
9.e4 Nxe4 10.Nxe4 dxe4 11.Qxe4 Bb7 12.b3 Nf6 13.Qc2 c5 14.Rd1 Qc7 15.h3 Rad8
16.Bb2 Be4 17.Qc3 cxd4 18.Rxd4 Bxf3 19.Qxf3 Bh2+ 20.Kf1 Be5 21.Rxd8 Rxd8
22.Bxe5 Qxe5 23.Rd1 Rxd1+ 24.Bxd1 g6  1/2-1/2